00877nam a22002057a 450000500170000000800410001702000180005805000210007624501740009724600210027126000390029230000490033149000520038050400300043265000360046265000430049865000470054170000370058870000460062520200108140817.0200108b sp ||||| |||| 00| 0 fre d a978849682094404aBR127 bR58 2013 aRitus infidelium :bmiradas interconfesionales sobre las prácticas religiosas en la Edad Media /cestudios reunidos por José Martínez Gázquez y John Victor Tolan3 aRitvs infidelivm aMadrid :bCasa de Velazquez,c2013 a ix, 321 páginas :bilustraciones ;c24 cm aColección de la Casa de Velázquez ;vv. 138 aBibliografía p. 294-318 aCristianismo y otras religiones 72lembaIslam xRelacionesxCristianismo 72lembaJudaísmoxRelacionesxCristianismo1 aMartinez Gazquez, Jose, eeditor1 aTolan, John Victor, d[1959- ]eeditor